[Event "SUI-ch U14"]
[Site "Winterthur"]
[Date "2007.10.08"]
[Round "6"]
[White "Previtali, Nico"]
[Black "Srinivasan, Varadarajan"]
[Result "1/2-1/2"]
[WhiteElo "1744"]
[BlackElo "1777"]
[PlyCount "33"]
[EventDate "2007.10.05"]
[EventType "swiss"]
[EventRounds "7"]
[EventCountry "SUI"]
[SourceTitle "EXT 2009"]
[Source "ChessBase"]
[SourceDate "2008.11.26"]
[SourceVersion "1"]
[SourceVersionDate "2008.11.26"]
[SourceQuality "1"]

1. e4 c6 2. d4 d5 3. exd5 cxd5 4. Bd3 Nc6 5. Nf3 Bg4 6. c3 e6 7. Bf4 Bd6 8. Bxd6 Qxd6 9. 0-0 Nf6 10. Nbd2 0-0 11. Re1 Rac8 12. h3 Bh5 13. Nf1 Ne7 14. Ng3 Bg6 15. Ne5 a6 16. f4 Nf5 17. Nf1 1/2-1/2